000 00418nam a2200157Ia 4500
100 _aDunn/William C
650 _aInstrumentation and process control
942 _cBK
366 _f25
654 _aindustrial instrumention
245 _aFundamentals of industrial instrumentation and process control
260 _bTata Mc Graw hill Ltd.
_c2005
082 _a621.381043
_bDUN
300 _a322
546 _aENGLISH
999 _c23810
_d23810